Roma, Florencia, Venecia

Furkejuvvon:
Bibliográfalaš dieđut
Váldodahkki: Simmel, Georg (Dahkki)
Materiálatiipa: Girji
Giella:espánnjágiella
Almmustuhtton: Madrid Casimiro Libros 2013
Fáttát:
Fáddágilkorat: Lasit fáddágilkoriid
Eai fáddágilkorat, Lasit vuosttaš fáddágilkora!

MARC

LEADER 00000cam a2200000 a 4500
001 UCF7511
003 CL-VaPUC
008 130627e20130000SP |||||||||||||||||spa|d
020 |a 9788415715177 
082 0 4 |a 945.63  |b SIM  |2 21 
100 0 |a Simmel, Georg  |e author  |9 368203 
245 1 0 |a Roma, Florencia, Venecia 
300 |a 58 p 
942 |c BK 
945 |d 20130627 00:00:00  |a dcastane 
260 |a Madrid  |b Casimiro Libros  |c 2013 
650 0 |a Historia de Italia  |9 362027 
650 0 |a Historia de ciudades   |9 445863 
651 0 |a Roma   |9 255106 
651 0 |a Florencia  |9 265683 
651 7 |a VENECIA  |2 CL-VaPUC  |9 268373 
583 |a last modification  |c 20130627 13:18:00  |k Rodrigo Vera 
999 |c 352334  |d 352332 
952 |0 0  |1 0  |4 0  |6 945_630000000000000_SIM_2013  |7 0  |8 A  |9 456819  |a BIBART  |b BIBART  |d 2019-11-22  |i 4981863  |o 945.63 SIM 2013  |p 4981863  |r 2025-03-13  |w 2019-11-22  |y BK  |k ART 
952 |0 0  |1 0  |3 erb  |4 0  |6 945_630000000000000_SIM_2013  |7 0  |8 R  |9 456820  |a BIBARQ  |b BIBARQ  |i 516026K  |o 945.63 SIM 2013  |p 516026K  |r 2025-01-20  |w 2019-11-22  |y BK_R  |z Catalogado en:20150514  |k ARQ